Statistiken für Die 10 Erfolgreichsten Nintendo DS Spiele

Klicken Sie hier um das Quiz zu spielen!

Allgemein

  • Dieses Quiz wurde 202 mal gespielt
  • Das Durchschnittsergebnis liegt bei 4 aus 10

Antwortstatistiken

PlatzSpielverkaufte EinheitenJahr% Korrekt
3Mario Kart DS23,60 Millionen2005
73%
2Nintendogs23,96 Millionen2005
63%
1New Super Mario Bros.30,80 Millionen2006
54%
5Pokemon Diamant- und Perl-Edition17,67 Millionen2006
48%
6Pokemon Schwarze und Weiße Edition15,64 Millionen2010
44%
8Pokemon Gold/Silber/HeartGold/SoulSilver12,72 Millionen2009
33%
10Super Mario 64 DS11,06 Millionen2004
28%
4Dr. Kawashimas Gehirn-Jogging19,01 Millionen2005
21%
9Animal Crossing: Wild World11,75 Millionen2005
18%
7Dr. Kawashima: Mehr Gehirn-Jogging14,88 Millionen2005
3%

Verteilung der Resultate

Perzentil nach korrekt beantworteten Fragen

Anzahl Personen mit jedem Resultat

Ihre Resultats-Entwicklung

Sie haben dieses Quiz noch nicht gespielt